02298nam a22002777a 4500003000400000005001700004008004100021020001400062020001400076040001700090041001200107100002300119245021700142260002800359362008200387520117600469653002101645653002101666653002201687653002701709653002901736700002801765700002601793700002101819856018001840OSt20251104110017.0250910b |||||||| |||| 00| 0 eng d a0007-6813 a1873-6068 aEnglishctbs aEnglish aMerlo, Omard1956- aExploring the changing role of brand archetypes in customer-brand relationshipsb: Why try to be a hero when your brand can be more?c/ Omar Merlo, Andreas B. Eisingerich, Richard Gillingwater, Jia Jocelyn Cao  bBusiness Horizonsc2023 aBusiness Horizons Volume 66, Issue 5, September–October 2023, Pages 615-629 aFor over 20 years, managers have been encouraged to leverage archetypal meaning to strengthen their brands. Prior research has studied archetypes as universal patterns present in the collective unconscious that trigger an instinctive response in customers, arguing that brands should evoke one archetype at a time. However, recent evidence seems to suggest that the single archetype view proposed in previous work may have lost its relevance in the marketplace. This article responds to calls for further research into brand archetypes by analyzing more than 2,400 brands and the archetypes they evoke in their marketing communications. The current findings support the continued relevance and importance of brand archetypes in marketing, showing that brands connect with customers by consistently evoking specific archetypes. Critically, however, strong brands tend to leverage multiple archetypes at a time rather than just one as previously believed. We explore key implications of our findings for theory and management, discuss avenues for future research, and provide actionable guidelines for managers wishing to leverage archetypal meaning to build strong brands. aBrand archetypes aBrand management aBrand personality aCustomer relationships aMarketing communications aEisingerich, Andreas B. aGillingwater, Richard aCao, Jia Jocelyn uhttps://bibliotheque.tbs-education.fr/Default/doc/edselp/S0007681322001355/exploring-the-changing-role-of-brand-archetypes-in-customer-brand-relationships-why-try-to-be-a-hero